000 00421nam a2200181Ia 4500
001 2334
005 20260306144759.0
008 260306t1988||||xx |||||||||||||| ||spa||
041 _aESP
082 _a616.8583
_bA166
100 _aAppeau, Antoine
_eAUT
245 0 _aL´organisation narcissique
260 _c1988
300 _a198 páginas :
_c22 cm.
650 _aGEN
654 _aCPS
942 _cLIB
_dJUS
_fJUS
_2ddc
_n
999 _c2334
_d2334